Fußball-Afrikameister der Herren - Statistiken

Allgemein
  • Dieses Quiz wurde 2.169 mal gespielt
    1.823 seit der letzten Aktualisierung
  • Das Durchschnittsergebnis liegt bei 28 aus 33
Antwortstatistiken
Jahr Afrikameister % Korrekt
1957 Ägypten
98%
1986 Ägypten
98%
1998 Ägypten
98%
2006 Ägypten
98%
2008 Ägypten
98%
2010 Ägypten
98%
1959 VA Republik
98%
2022 Senegal
95%
1976 Marokko
94%
1996 Südafrika
93%
1990 Algerien
90%
2019 Algerien
90%
1963 Ghana
90%
1965 Ghana
90%
1978 Ghana
90%
1982 Ghana
90%
1980 Nigeria
89%
1994 Nigeria
89%
2013 Nigeria
89%
1992 Elfenbeinküste
88%
2015 Elfenbeinküste
88%
1984 Kamerun
86%
1988 Kamerun
86%
2000 Kamerun
86%
2002 Kamerun
86%
2017 Kamerun
86%
1974 Zaire
83%
1968 DR Kongo
81%
2004 Tunesien
81%
1972 VR Kongo
81%
1970 Sudan
50%
2012 Sambia
43%
1962 Äthiopien
42%
Keine übereinstimmenden Quizze gefunden
Verteilung der Resultate
Anzahl Personen mit jedem Resultat
Perzentil nach korrekt beantworteten Fragen
Ihre Resultats-Entwicklung
Sie haben dieses Quiz seit der letzten Aktualisierung nicht gespielt